Piłkarze Chelsea FC z sezonu 20/21 - Statystyki

Ogólne statystyki
  • Ten quiz został rozwiązany 24 razy
  • Średni wynik to 18 z 26
Statystyki odpowiedzi
Pozycja Narodowość Piłkarz Obecny Klub % Poprawnych
Napastnik Niemcy Kai Havertz Arsenal
96%
Obrońca Niemcy Antonio Rüdiger Real Madryt
92%
Skrzydłowy Stany Zjednoczone Christian Pulisic AC Milan
92%
Bramkarz Senegal Edouard Mendy Al-Ahli
92%
Bramkarz Hiszpania Kepa Arrizabalaga Arsenal
92%
Pomocnik Chorwacja Mateo Kovacic Manchester City
92%
Pomocnik Francja N'Golo Kanté Fenerbahce
92%
Obrońca Dania Andreas Christensen FC Barcelona
88%
Pomocnik Włochy Jorginho Flamengo
83%
Boczny obrońca Anglia Reece James Chelsea
83%
Obrońca Anglia Fikayo Tomori AC Milan
75%
Skrzydłowy Maroko Hakim Ziyech Wydad Casablanca
75%
Pomocnik Anglia Mason Mount Manchester United
71%
Obrońca Brazylia Thiago Silva FC Porto
67%
Napastnik Niemcy Timo Werner San Jose Earthquakes
67%
Pomocnik Szkocja Billy Gilmour Napoli
63%
Obrońca Hiszpania Marcos Alonso Celta Vigo
58%
Boczny obrońca Anglia Ben Chilwell RC Strasbourg
54%
Obrońca Hiszpania César Azpilicueta Sevilla
54%
Boczny obrońca Włochy Emerson Olympique Marsylia
50%
Bramkarz Argentyna Willy Caballero zakończył karierę
50%
Napastnik Francja Oliver Giroud LOSC Lille
46%
Pomocnik Anglia Ruben Loftus-Cheek AC Milan
46%
Napastnik Anglia Tammy Abraham Aston Villa
46%
Obrońca Francja Kurt Zouma Al-Wasl
33%
Pomocnik Anglia Callum Hudson-Odoi Nottingham Forest
29%
Nie znaleziono quizów pasujących do podanych kryteriów
Rozkład punktacji
Procent ludzi z każdym wynikiem
Percentyl według liczby udzielonych odpowiedzi
Twoja historia wyników
Nie rozwiązałeś tego quizu